Engineering Mathematics III (Record no. 182447)

000 -LEADER
fixed length control field 00345nam a2200133Ia 4500
008 - FIXED-LENGTH DATA ELEMENTS--GENERAL INFORMATION
fixed length control field 220217s9999||||xx |||||||||||||| ||und||
020 ## - INTERNATIONAL STANDARD BOOK NUMBER
International Standard Book Number 9788172866754
082 ## - DEWEY DECIMAL CLASSIFICATION NUMBER
Classification number 510 DSC
100 ## - MAIN ENTRY--PERSONAL NAME
Personal name D.S.C
245 #0 - TITLE STATEMENT
Title Engineering Mathematics III
260 ## - PUBLICATION, DISTRIBUTION, ETC.
Place of publication, distribution, etc. Prism book s Pvt. Ltd.
Name of publisher, distributor, etc. Bangalore
Date of publication, distribution, etc. 2011
300 ## - PHYSICAL DESCRIPTION
Extent 526
Other physical details 310
650 ## - SUBJECT ADDED ENTRY--TOPICAL TERM
Topical term or geographic name entry element MATHEMATICS
Holdings
Withdrawn status Lost status Damaged status Not for loan Collection code Home library Current library Shelving location Date acquired Total Checkouts Full call number Barcode Date due Date last seen Date last checked out Price effective from Koha item type
        Humanity Science Central Library Central Library Book Cart 02/18/2022 1 510 DSC 17636 03/24/2023 03/24/2022 03/24/2022 02/18/2022 Books

Powered by Koha